000 004250000a22001690004500
003 MACL
005 20160102153335.0
008 160102b xxu||||| |||| 00| 0 eng d
040 _aMACL
_cMACL
041 _aEnglish
082 _a820/CRO
100 _aCrosland, T W H
_927284
245 _aThe Unspeakable Scot
260 _bGrant Richards
_c1903
_aLondon
650 _aEnglish Literature
_927285
942 _cBK
_k820/CRO
_2ddc
999 _c37235
_d37235